[Event "Open d'Aubagne 2018-2019"]
[Site "Aubagne"]
[Date "2019.02.02"]
[Round "7.1"]
[White "Roche, Alain"]
[Black "Pouyet, Alain"]
[Result "0-1"]
[WhiteElo "1359"]
[BlackElo "1472"]
[PlyCount "74"]
[EventDate "2018.??.??"]
[WhiteTeam "Echiquier Marseillais 1872"]
[BlackTeam "Club Provence Echecs"]

1. e4 e6 2. d4 d5 3. e5 c5 4. c3 Nc6 5. Nf3 Qb6 6. a4 a6 7. Be2 Be7 8. O-O f6
9. exf6 Nxf6 10. Ne5 cxd4 11. Nxc6 bxc6 12. a5 Qa7 13. cxd4 O-O 14. Re1 c5 15.
Be3 Bd7 16. Bg5 cxd4 17. Bxf6 Bxf6 18. Bf3 Rae8 19. Ra3 Qc7 20. Nd2 Qd6 21. Rb3
Rb8 22. Rxb8 Rxb8 23. b3 Qb4 24. Bg4 Re8 25. h3 Qxa5 26. Nf3 Qc5 27. Ne5 Bb5
28. Nf3 e5 29. h4 h6 30. Qb1 e4 31. Rc1 Qb6 32. Nd2 Bxh4 33. Rf1 Bxf1 34. Bh5
Bb5 35. Bxe8 Bxe8 36. Nxe4 Bg6 37. g3 Bxe4 0-1

[Event "Open d'Aubagne 2018-2019"]
[Site "Aubagne"]
[Date "2018.02.02"]
[Round "7.2"]
[White "Bertrand, Frederic"]
[Black "Daumas, Alain"]
[Result "1/2-1/2"]
[WhiteElo "1539"]
[BlackElo "1630"]
[PlyCount "50"]
[EventDate "2018.??.??"]
[WhiteTeam "Cercle d'Echecs Aubagnais"]
[BlackTeam "Club d'Echecs Pennois (CEP)"]

1. e4 c6 2. d4 d5 3. e5 Bf5 4. Bd3 Bxd3 5. Qxd3 e6 6. Ne2 Nd7 7. O-O c5 8. c3
Ne7 9. a3 Nc6 10. b4 cxb4 11. cxb4 g6 12. Nbc3 Bg7 13. Nb5 O-O 14. f4 Qb6 15.
Kh1 Rad8 16. Nbc3 a6 17. Na4 Qa7 18. Nc5 Ne7 19. g4 Nb6 20. f5 gxf5 21. Bg5
Rde8 22. Bxe7 Rxe7 23. gxf5 exf5 24. Rxf5 Nc4 25. Rh5 h6 1/2-1/2

[Event "Open d'Aubagne 2018-2019"]
[Site "Aubagne"]
[Date "2019.02.02"]
[Round "7.3"]
[White "Cotton, Paul"]
[Black "Piquemal, Maxence"]
[Result "1/2-1/2"]
[WhiteElo "1424"]
[BlackElo "1565"]
[PlyCount "160"]
[EventDate "2018.??.??"]
[WhiteTeam "Cercle d'Echecs Aubagnais"]
[BlackTeam "Marseille-Echecs"]

1. Nf3 Nf6 2. g3 d5 3. Bg2 e6 4. d3 c5 5. Nbd2 Nc6 6. O-O Be7 7. c4 O-O 8. cxd5
exd5 9. b3 b6 10. Bb2 Bb7 11. Rc1 a5 12. a3 Bd6 13. Rc2 Re8 14. e3 Ba6 15. Nb1
Rc8 16. Nc3 c4 17. dxc4 Bf8 18. Rd2 Ne7 19. Re1 a4 20. Nxa4 b5 21. cxb5 Bxb5
22. Nc3 Qb6 23. Nxb5 Qxb5 24. Bxf6 gxf6 25. b4 Rc3 26. Nd4 Qa6 27. Nc2 Rec8 28.
Qb1 Qc4 29. Bf1 Qc7 30. Bh3 Rxc2 31. Rxc2 Qxc2 32. Bxc8 Qxb1 33. Rxb1 Nxc8 34.
Rc1 Nb6 35. Ra1 Nc4 36. Kg2 Bd6 37. Kf3 Kf8 38. h4 Ne5+ 39. Ke2 Nc4 40. Kd3 f5
41. Kd4 Be5+ 42. Kxd5 Bxa1 43. Kxc4 Ke7 44. Kc5 Bc3 45. Kc6 Kd8 46. b5 Kc8 47.
a4 Ba5 48. f3 Be1 49. e4 fxe4 50. fxe4 Bxg3 51. h5 h6 52. a5 Kb8 53. a6 Ka7 54.
Kd7 f6 55. Ke6 Bh4 56. Kf7 Bg5 57. Kg6 Kb6 58. Kf5 Ka7 59. e5 fxe5 60. Kxe5 Kb6
61. Kd6 Be3 62. Kd7 Kxb5 63. a7 Bxa7 64. Ke6 Kc4 65. Kf5 Kd3 66. Kg4 Ke2 67.
Kg3 Kf1 68. Kf3 Kg1 69. Kg3 Bb6 70. Kh3 Kf2 71. Kh2 Kf3 72. Kh3 Kf4 73. Kh4 Bc7
74. Kh3 Kg5 75. Kg2 Kxh5 76. Kh3 Kg5 77. Kg2 Kg4 78. Kg1 h5 79. Kg2 h4 80. Kg1
h3 1/2-1/2

[Event "Open d'Aubagne 2018-2019"]
[Site "Aubagne"]
[Date "2019.02.02"]
[Round "7.4"]
[White "Tramarin, Matteo"]
[Black "Hassaine, Rachid"]
[Result "1/2-1/2"]
[WhiteElo "1390"]
[BlackElo "1390"]
[PlyCount "60"]
[EventDate "2018.??.??"]
[WhiteTeam "La Ciotat Echecs (LCE)"]
[BlackTeam "Cercle d'Echecs Aubagnais"]

1. c4 e5 2. Nc3 Bc5 3. Nf3 Nc6 4. g3 d6 5. Bg2 Nge7 6. e4 Bg4 7. d3 Nd4 8. Be3
a6 9. O-O O-O 10. Bxd4 Bxd4 11. Qd2 Ba7 12. a4 Nc6 13. Ne2 Qf6 14. Ne1 Bc5 15.
Nc2 a5 16. Nc3 Ne7 17. Ne3 Be6 18. Ncd5 Bxd5 19. cxd5 Qh6 20. Nc4 Qxd2 21. Nxd2
f5 22. Nb3 Bb6 23. Rad1 c5 24. Nd2 f4 25. Nc4 Bc7 26. f3 Rab8 27. Na3 Bb6 28.
Nc4 Bc7 29. Na3 Bb6 30. Nc4 Bc7 1/2-1/2

[Event "Open d'Aubagne 2018-2019"]
[Site "Aubagne"]
[Date "2019.02.02"]
[Round "7.5"]
[White "Deregnaucourt, Yves"]
[Black "Ganier, Philippe"]
[Result "1-0"]
[WhiteElo "1635"]
[BlackElo "1588"]
[PlyCount "65"]
[EventDate "2018.??.??"]
[WhiteTeam "Cercle d'Echecs Aubagnais"]
[BlackTeam "La Ciotat Echecs (LCE)"]

1. e4 c5 2. d4 cxd4 3. c3 g6 4. cxd4 Bg7 5. Nc3 d6 6. Nf3 Nf6 7. Bc4 O-O 8. O-O
Bg4 9. h3 Bxf3 10. Qxf3 Nc6 11. Be3 a6 12. Rfd1 Qc7 13. Bb3 Rac8 14. Rac1 Qa5
15. Qe2 b5 16. f3 Nh5 17. Qf2 Qd8 18. f4 Na5 19. e5 Bh8 20. Nd5 Rxc1 21. Rxc1
Nxb3 22. Rc8 Qd7 23. Rc7 Qd8 24. axb3 dxe5 25. Nxe7+ Kg7 26. Qc2 exf4 27. Bf2
Re8 28. Bh4 Qxd4+ 29. Bf2 Qd6 30. Qc3+ Nf6 31. Bd4 Kf8 32. Rc6 Rxe7 33. Rxd6
1-0

[Event "Open d'Aubagne 2018-2019"]
[Site "Aubagne"]
[Date "2019.02.02"]
[Round "7.6"]
[White "Hunault, Francis"]
[Black "Soulet, Julia"]
[Result "0-1"]
[WhiteElo "1453"]
[BlackElo "1450"]
[PlyCount "108"]
[EventDate "2018.??.??"]
[WhiteTeam "Cercle d'Echecs Aubagnais"]
[BlackTeam "Marseille-Echecs"]

1. d4 d5 2. Bf4 Nf6 3. e3 e6 4. Nf3 c5 5. c3 Bd6 6. Bg3 O-O 7. Nbd2 b6 8. Bd3
Ba6 9. Bc2 Nc6 10. Ne5 Qc7 11. f4 cxd4 12. exd4 Ne7 13. Bh4 Ng6 14. Bxf6 gxf6
15. Qg4 fxe5 16. fxe5 Be7 17. h4 f5 18. exf6 Rxf6 19. h5 Qf4 20. Qxf4 Nxf4 21.
O-O-O Nd3+ 22. Bxd3 Bxd3 23. Nf3 Be2 24. Rde1 Bxf3 25. gxf3 Rxf3 26. Rxe6 Bg5+
27. Kc2 Re3 28. Rd6 Rd8 29. Rc6 Kf8 30. Rc7 Re7 31. Rf1+ Ke8 32. Rc6 Kd7 33.
Rf5 Kxc6 34. Rxg5 Rde8 35. Rf5 Re2+ 36. Kb3 Rh2 37. Rf6+ Kd7 38. Rh6 Re7 39. a4
Kc7 40. Ka3 a6 41. b3 Rhe2 42. Rf6 R2e6 43. Rf5 Kd6 44. c4 dxc4 45. bxc4 Rh6
46. Kb4 Re4 47. Rd5+ Kc6 48. a5 Rh4 49. axb6 Kxb6 50. c5+ Kc6 51. Rd8 Kc7 52.
Rd5 R4xh5 53. Rxh5 Rxh5 54. Ka5 Rd5 0-1

[Event "Open d'Aubagne 2018-2019"]
[Site "Aubagne"]
[Date "2019.02.02"]
[Round "7.7"]
[White "Avedissian, Andre"]
[Black "Tchifteyan, Philippe"]
[Result "0-1"]
[WhiteElo "1326"]
[BlackElo "1536"]
[PlyCount "62"]
[EventDate "2018.??.??"]
[WhiteTeam "Echiquier Marseillais 1872"]
[BlackTeam "Cercle d'Echecs Aubagnais"]

1. d4 d5 2. Nf3 Nc6 3. e3 f6 4. Bd3 e5 5. dxe5 fxe5 6. Bb5 Qd6 7. h3 Bd7 8. a3
Nf6 9. b3 e4 10. Nd4 Nxd4 11. Bxd7+ Qxd7 12. Qxd4 Be7 13. Bb2 O-O 14. O-O c5
15. Qd1 b5 16. Nd2 Rad8 17. Qe2 a5 18. Rad1 Qc6 19. f3 Nh5 20. Rfe1 Bh4 21. f4
Bxe1 22. Qxe1 d4 23. Nf1 dxe3 24. Rxd8 Rxd8 25. Qxe3 Rf8 26. g3 c4 27. Be5 cxb3
28. cxb3 Nf6 29. g4 Qc2 30. Ng3 Rd8 31. Bd4 Qd1+ 0-1

[Event "Open d'Aubagne 2018-2019"]
[Site "Aubagne"]
[Date "2019.02.02"]
[Round "7.10"]
[White "Desjardins, Rene"]
[Black "Coppel, Victor"]
[Result "0-1"]
[WhiteElo "1419"]
[BlackElo "1206"]
[PlyCount "104"]
[EventDate "2018.??.??"]
[WhiteTeam "Cercle d'Echecs Aubagnais"]
[BlackTeam "L'Echiquier du Roy René"]

1. d4 Nf6 2. c4 g6 3. Nc3 d5 4. e3 Bg7 5. Nf3 O-O 6. g3 c5 7. Bg2 Nc6 8. b3 Qa5
9. Bd2 Qd8 10. O-O Bg4 11. h3 Bxf3 12. Bxf3 cxd4 13. exd4 Nxd4 14. Nxd5 Nxf3+
15. Qxf3 e6 16. Bg5 exd5 17. cxd5 Qxd5 18. Qxd5 Nxd5 19. Rad1 Nc3 20. Rd7 b6
21. a4 Rfe8 22. Kg2 h6 23. Be3 Ne4 24. b4 Bc3 25. b5 Nc5 26. Bxc5 bxc5 27. Rc7
Bb4 28. Rd1 Rec8 29. Rb7 c4 30. Rdd7 Rf8 31. Rxa7 Rxa7 32. Rxa7 Rb8 33. Rc7 c3
34. Kf1 Ba5 35. Rc4 Rb6 36. Ke2 Rd6 37. b6 Rxb6 38. Kd1 Rb4 39. Rc8+ Kg7 40.
Rc6 Rxa4 41. Kc2 Ra2+ 42. Kd3 Rd2+ 43. Ke3 Rb2 44. Kd3 Rxf2 45. Rc5 Bb4 46. Rc4
c2 47. Rxc2 Rxc2 48. Kxc2 Kf6 49. Kd3 Bd6 50. g4 Kg5 51. Ke3 Kh4 52. Kf3 Kxh3
0-1

[Event "Open d'Aubagne 2018-2019"]
[Site "Aubagne"]
[Date "2019.02.02"]
[Round "7.11"]
[White "Marchis Mouren, Emma"]
[Black "Cayrou, Fabien"]
[Result "0-1"]
[WhiteElo "1196"]
[BlackElo "1403"]
[PlyCount "128"]
[EventDate "2018.??.??"]
[WhiteTeam "Cassis Echecs"]
[BlackTeam "Marseille-Echecs"]

1. d4 d5 2. c4 e6 3. Nf3 Nf6 4. g3 b6 5. Bg2 Bb7 6. O-O Nbd7 7. Nc3 Be7 8. b3
O-O 9. Bb2 c5 10. Re1 dxc4 11. bxc4 cxd4 12. Qxd4 Bc5 13. Qd3 Rb8 14. e4 Ng4
15. Nd1 Ba6 16. h3 Ngf6 17. Ng5 h6 18. e5 hxg5 19. exf6 Nxf6 20. Qxd8 Rfxd8 21.
Be5 Rbc8 22. Rc1 Ba3 23. Nb2 Bxb2 24. Bxb2 Rxc4 25. Rxc4 Bxc4 26. a3 Bd5 27.
Rd1 Kf8 28. Bc1 Nh7 29. Bb2 Ke7 30. Bxd5 Rxd5 31. Rxd5 exd5 32. f3 g6 33. Kf2
f5 34. Ke3 Ke6 35. Bc1 Nf6 36. Kd4 g4 37. hxg4 fxg4 38. fxg4 Nxg4 39. Kc3 Ne5
40. Bf4 Nc4 41. a4 a6 42. Kb3 b5 43. axb5 axb5 44. Kb4 Nd6 45. Kc5 Ne4+ 46.
Kxb5 g5 47. Bb8 Kf5 48. Kb4 Kg4 49. Kb3 Nxg3 50. Kc3 Ne2+ 51. Kd3 Kf3 52. Bc7
g4 53. Bb8 Nf4+ 54. Kd2 g3 55. Ba7 g2 56. Bb6 Ne6 57. Bg1 Nf4 58. Bb6 Ne2 59.
Be3 d4 60. Bxd4 Nxd4 61. Kd3 g1=Q 62. Kd2 Qe3+ 63. Kd1 Qe2+ 64. Kc1 Qc2# 0-1

[Event "Open d'Aubagne 2018-2019"]
[Site "Aubagne"]
[Date "2019.02.02"]
[Round "7.12"]
[White "Gomez, Jean-Luc"]
[Black "Pentcheff, Julie"]
[Result "0-1"]
[WhiteElo "1376"]
[BlackElo "1193"]
[PlyCount "90"]
[EventDate "2018.??.??"]
[WhiteTeam "Echiquier Marseillais 1872"]
[BlackTeam "Marseille-Echecs"]

1. d4 c6 2. Nf3 d5 3. Bf4 Nf6 4. e3 Bg4 5. Nbd2 e6 6. Be2 Bd6 7. Bg3 c5 8. c3
O-O 9. Bxd6 Qxd6 10. O-O Nc6 11. Re1 Rfe8 12. Rc1 e5 13. dxc5 Qxc5 14. Nb3 Qd6
15. Nfd2 h6 16. Nf3 Rac8 17. h3 Bh5 18. Nfd2 Bxe2 19. Qxe2 d4 20. Qd3 Rcd8 21.
e4 dxc3 22. Qxd6 Rxd6 23. Rxc3 Nd4 24. Kf1 Red8 25. Rc7 R6d7 26. Rec1 Nxb3 27.
Nxb3 Nxe4 28. Rxd7 Rxd7 29. Re1 f5 30. f3 Nd2+ 31. Nxd2 Rxd2 32. Re2 Rxe2 33.
Kxe2 Kf7 34. Kd3 Ke6 35. Ke3 Kd5 36. Kd3 g6 37. g3 h5 38. h4 e4+ 39. fxe4+
fxe4+ 40. Ke3 Ke5 41. Ke2 Kf5 42. Kf2 e3+ 43. Kxe3 Kg4 44. Kf2 Kh3 45. Kf3 Kh2
0-1

[Event "Open d'Aubagne 2018-2019"]
[Site "Aubagne"]
[Date "2019.02.02"]
[Round "7.13"]
[White "Pentcheff, Laura"]
[Black "Vicari-Vento, Salvatore"]
[Result "1/2-1/2"]
[WhiteElo "1617"]
[BlackElo "1347"]
[PlyCount "118"]
[EventDate "2018.??.??"]
[WhiteTeam "Marseille-Echecs"]
[BlackTeam "Cercle d'Echecs Aubagnais"]

1. d4 Nf6 2. c4 d6 3. Nf3 g6 4. g3 Bg7 5. Bg2 O-O 6. O-O a6 7. Nc3 Nbd7 8. Qc2
Rb8 9. b4 e5 10. e3 Re8 11. Bb2 exd4 12. exd4 Nb6 13. Qb3 c6 14. Na4 Nxa4 15.
Qxa4 b5 16. cxb5 cxb5 17. Qa3 Bb7 18. Rfe1 Qb6 19. Rac1 Rxe1+ 20. Rxe1 Re8 21.
Rxe8+ Nxe8 22. Qe3 Qd8 23. h4 Nf6 24. a3 Qe8 25. Qxe8+ Nxe8 26. Ng5 Bxg2 27.
Kxg2 h6 28. Ne4 Kf8 29. f4 f5 30. Nd2 Nc7 31. Kf3 Ke7 32. Nb3 Ke6 33. Ke3 Kd7
34. Na5 Nd5+ 35. Kd3 Kc7 36. Kd2 Bf6 37. Kd3 g5 38. fxg5 hxg5 39. h5 f4 40.
gxf4 Nxf4+ 41. Ke4 Nxh5 42. Kf5 Bd8 43. Bc1 Ng7+ 44. Kg4 Ne6 45. d5 Nd4 46.
Bxg5 Bxg5 47. Kxg5 Nf3+ 48. Kf4 Ne5 49. Ke4 Kb6 50. Kf5 Nc4 51. Nxc4+ bxc4 52.
Ke4 a5 53. bxa5+ Kxa5 54. Kd4 Kb5 55. Kc3 Kc5 56. a4 Kxd5 57. a5 Kc5 58. a6 Kb6
59. Kxc4 Kxa6 1/2-1/2

[Event "Open d'Aubagne 2018-2019"]
[Site "Aubagne"]
[Date "2019.02.02"]
[Round "7.14"]
[White "Gamblin, Vincent"]
[Black "Piquemal, Jean Christophe"]
[Result "1-0"]
[WhiteElo "1483"]
[BlackElo "1100"]
[PlyCount "113"]
[EventDate "2018.??.??"]
[WhiteTeam "L'Echiquier du Roy René"]
[BlackTeam "Marseille-Echecs"]

1. c4 e5 2. Nc3 Nf6 3. g3 Bc5 4. Bg2 c6 5. e3 d5 6. cxd5 cxd5 7. d4 exd4 8.
exd4 Be7 9. Nge2 Nc6 10. O-O O-O 11. Nf4 Bg4 12. Nce2 Bb4 13. h3 Bf5 14. g4 Bg6
15. Nxg6 fxg6 16. Bd2 Ne4 17. Bxb4 Nxb4 18. Bxe4 dxe4 19. Qb3+ Nd5 20. Nc3 Qh4
21. Qxd5+ Kh8 22. Qxe4 Qxh3 23. Qg2 Qd3 24. Rad1 Qc4 25. Qd5 Qc8 26. Qg2 Rf4
27. f3 Qc4 28. Ne2 Rf7 29. b3 Qa6 30. Ng3 Rd8 31. Qe2 Qd6 32. Kg2 Qf4 33. Qe4
Qd6 34. Qe5 Qa3 35. Rf2 Re7 36. Qg5 Rde8 37. Ne4 Re6 38. Qc5 Qa6 39. Rfd2 h5
40. gxh5 gxh5 41. Qxh5+ Kg8 42. Qd5 Kf8 43. Rh1 Rh6 44. Rxh6 Qxh6 45. Qd6+ Re7
46. Qxh6 gxh6 47. d5 Rg7+ 48. Kf2 Rd7 49. d6 Kf7 50. Rd5 b6 51. f4 Ke6 52. Rd2
Kf5 53. Kf3 h5 54. Rd5+ Ke6 55. Rxh5 a5 56. Rh6+ Kd5 57. Nf6+ 1-0

[Event "Open d'Aubagne 2018-2019"]
[Site "Aubagne"]
[Date "2019.02.02"]
[Round "7.15"]
[White "Madi, Chahinez"]
[Black "Cavanihac, Claude"]
[Result "1/2-1/2"]
[WhiteElo "1099"]
[BlackElo "1472"]
[PlyCount "143"]
[EventDate "2018.??.??"]
[WhiteTeam "La Ciotat Echecs (LCE)"]
[BlackTeam "Cercle d'Echecs Aubagnais"]

1. d4 Nf6 2. Bf4 d5 3. h3 e6 4. Nf3 Bd6 5. Qd2 Nc6 6. Bxd6 Qxd6 7. Nc3 a6 8.
Qg5 Rg8 9. Ne5 Nxd4 10. Rc1 h6 11. Qe3 Nf5 12. Qf4 Nd7 13. g4 Qxe5 14. Qxe5
Nxe5 15. gxf5 d4 16. Na4 exf5 17. Rd1 Bd7 18. Nc5 Bc6 19. Rg1 Rd8 20. e3 Nf3+
21. Ke2 Nxg1+ 22. Ke1 dxe3 23. Bd3 exf2+ 24. Kxf2 Nxh3+ 25. Kg3 Ng5 26. Re1+
Ne4+ 27. Kf4 g5+ 28. Kxf5 Rd5+ 29. Kxe4 Rxc5+ 30. Kd4+ Kd8 31. Kxc5 Re8 32. Rf1
Re7 33. Bc4 Ke8 34. Rf6 h5 35. Rf5 Be4 36. Rxg5 Bxc2 37. Rxh5 Bg6 38. Rh2 Kf8
39. a4 Re5+ 40. Kd4 Ra5 41. b3 b5 42. axb5 axb5 43. Bd5 b4 44. Ke5 Kg7 45. Kd4
Kf6 46. Kc4 c5 47. Rf2+ Ke7 48. Bc6 f5 49. Re2+ Kf6 50. Bb5 Ra3 51. Ba4 Bf7+
52. Kxc5 Bxb3 53. Kxb4 Rxa4+ 54. Kxb3 Re4 55. Rf2 f4 56. Kc2 Kf5 57. Kd3 Ra4
58. Kd2 Ke4 59. Ke1 f3 60. Kd2 Ra2+ 61. Ke1 Ra4 62. Rb2 Ra1+ 63. Kf2 Ra4 64.
Ke1 Kf4 65. Kf2 Ke4 66. Ke1 Ra3 67. Kf2 Kf4 68. Rb4+ Kg5 69. Rb5+ Kg4 70. Rb4+
Kf5 71. Rb2 Rd3 72. Rb4 1/2-1/2

[Event "Open d'Aubagne 2018-2019"]
[Site "Aubagne"]
[Date "2019.02.02"]
[Round "7.16"]
[White "Cayrou, Manon"]
[Black "Blanc, Michel"]
[Result "0-1"]
[WhiteElo "1264"]
[BlackElo "1563"]
[PlyCount "80"]
[EventDate "2018.??.??"]
[WhiteTeam "Marseille-Echecs"]
[BlackTeam "Cercle d'Echecs Aubagnais"]

1. e4 c6 2. d4 d5 3. Nc3 dxe4 4. Nxe4 Bf5 5. f3 e6 6. a3 Bxe4 7. fxe4 Qh4+ 8.
g3 Qxe4+ 9. Ne2 Qxh1 10. Bf4 Qd5 11. Nc3 Qd8 12. Bc4 Nf6 13. b4 Bd6 14. Qf3 Qc7
15. O-O-O Nd5 16. Bxd5 cxd5 17. Ne2 Nc6 18. c3 O-O-O 19. Rf1 Rhf8 20. Qg4 f5
21. Qg5 h6 22. Qg6 Qf7 23. Qxf7 Rxf7 24. Bxd6 Rxd6 25. Nf4 g5 26. Ng6 Rg7 27.
Ne5 Nxe5 28. dxe5 Rd8 29. Rd1 Rgd7 30. Kc2 Rc7 31. Rd4 Rc4 32. Kd3 b5 33. h3
Rd7 34. g4 f4 35. Rxc4+ dxc4+ 36. Ke4 Rd3 37. a4 Rxc3 38. axb5 f3 39. Kd4 f2
40. Kxc3 f1=Q 0-1

[Event "Open d'Aubagne 2018-2019"]
[Site "Aubagne"]
[Date "2019.02.02"]
[Round "7.17"]
[White "Reynaud, Jacques"]
[Black "Pinet, Leo"]
[Result "1/2-1/2"]
[WhiteElo "1419"]
[BlackElo "1221"]
[PlyCount "56"]
[EventDate "2018.??.??"]
[WhiteTeam "Cercle d'Echecs Aubagnais"]
[BlackTeam "Club Provence Echecs"]

1. d4 Nf6 2. c4 e6 3. Nf3 b6 4. g3 Bb7 5. Bg2 d5 6. cxd5 Nxd5 7. O-O Be7 8. e4
Nf6 9. e5 Nd5 10. Nc3 Nc6 11. a3 O-O 12. h4 f6 13. Re1 f5 14. Ng5 Bxg5 15. Bxg5
Qd7 16. Nxd5 exd5 17. Rc1 Rae8 18. Rc3 h6 19. Bf4 Re7 20. b4 Nd8 21. Be3 Ne6
22. f4 g6 23. Qc2 h5 24. Rc1 a6 25. Qb3 Rd8 26. Bf1 Kh7 27. a4 Ra8 28. a5 b5
1/2-1/2

[Event "Open d'Aubagne 2018-2019"]
[Site "Aubagne"]
[Date "2019.02.02"]
[Round "7.18"]
[White "Corchia, Joseph"]
[Black "Autouard, Jean-Luc"]
[Result "0-1"]
[WhiteElo "1399"]
[BlackElo "1205"]
[PlyCount "40"]
[EventDate "2018.??.??"]
[WhiteTeam "Cercle d'Echecs Aubagnais"]
[BlackTeam "Cercle d'Echecs Aubagnais"]

1. e4 d6 2. c4 Bd7 3. Nc3 c5 4. Nf3 e6 5. d3 Be7 6. Be2 e5 7. Nd5 Nf6 8. Nxe7
Qxe7 9. a4 a5 10. O-O O-O 11. h3 Nh5 12. Nxe5 Qxe5 13. Bxh5 g6 14. f4 Qxh5 15.
Qb3 Bc6 16. Kh2 f5 17. e5 Qe2 18. Rg1 dxe5 19. fxe5 Qxe5+ 20. Kh1 Qg3 0-1

[Event "Open d'Aubagne 2018-2019"]
[Site "Aubagne"]
[Date "2019.02.02"]
[Round "7.19"]
[White "Bedhouche, Rayan"]
[Black "Meyselle, Jean-Noel"]
[Result "1-0"]
[WhiteElo "1203"]
[BlackElo "1399"]
[PlyCount "94"]
[EventDate "2018.??.??"]
[WhiteTeam "Marseille-Echecs"]
[BlackTeam "Cercle d'Echecs Aubagnais"]

1. e4 e5 2. Nf3 d6 3. Bc4 Be7 4. d4 exd4 5. Nxd4 Nf6 6. Nc3 Bd7 7. O-O O-O 8.
Bg5 Nc6 9. Re1 Ne5 10. Bb3 h6 11. Bf4 Ng6 12. Bg3 Nh7 13. e5 dxe5 14. Bxe5 Nxe5
15. Rxe5 Bf6 16. Re4 Ng5 17. Re3 a6 18. Rd3 Qc8 19. Nd5 Bxd4 20. Rxd4 Re8 21.
Nb6 cxb6 22. Rxd7 Rd8 23. Rxd8+ Qxd8 24. Qh5 Qf6 25. c3 Re8 26. Qd1 Rd8 27. Qe2
Kf8 28. Rd1 Rxd1+ 29. Qxd1 Ne4 30. Qe2 Qf4 31. g3 Qc1+ 32. Kg2 Nc5 33. Bd5 Qg5
34. Qf3 Qe7 35. b4 Nd7 36. Bxb7 a5 37. bxa5 bxa5 38. Bd5 Nf6 39. c4 Qc5 40. h4
Nxd5 41. Qxd5 Qxd5+ 42. cxd5 Ke7 43. Kf3 f5 44. Kf4 Kd6 45. Kxf5 Kxd5 46. Kg6
Kc4 47. Kxg7 a4 1-0

[Event "Open d'Aubagne 2018-2019"]
[Site "Aubagne"]
[Date "2019.02.02"]
[Round "7.20"]
[White "Ulloa, Philippe"]
[Black "Masson, Wally"]
[Result "1-0"]
[WhiteElo "1328"]
[BlackElo "1169"]
[PlyCount "89"]
[EventDate "2018.??.??"]
[WhiteTeam "Cercle d'Echecs Aubagnais"]
[BlackTeam "Cercle d'Echecs Aubagnais"]

1. d4 d5 2. c4 e6 3. a3 Nf6 4. Nc3 Be7 5. Nf3 Nc6 6. Bf4 a6 7. Qc2 O-O 8. h3
dxc4 9. e4 Nxd4 10. Nxd4 Qxd4 11. Rd1 Qa7 12. Bxc4 b5 13. Be2 Bc5 14. O-O Bb7
15. Bf3 e5 16. Bxe5 Ne8 17. b4 Bb6 18. Qb2 c5 19. Nd5 f6 20. Ne7+ Kh8 21. Rd7
fxe5 22. Nc6 Bxc6 23. Rxa7 Rxa7 24. Qxe5 c4 25. Qb8 Rb7 26. Qc8 Bd7 27. Qxb7
Bc7 28. Rd1 Be6 29. Qxa6 Bf7 30. Qxb5 c3 31. Qc5 Bd6 32. Rxd6 Nxd6 33. Qxd6 Kg8
34. Bd1 g6 35. Bc2 Ra8 36. a4 Rc8 37. e5 Re8 38. b5 h5 39. f4 Kg7 40. Qf6+ Kg8
41. Qc6 Rd8 42. Qxc3 Be6 43. Qc6 Kf7 44. Bxg6+ Kxg6 45. Qxe6+ 1-0

[Event "Open d'Aubagne 2018-2019"]
[Site "Aubagne"]
[Date "2019.02.02"]
[Round "7.21"]
[White "Dektiannikov, Artiom"]
[Black "Rocchia, Alex"]
[Result "0-1"]
[WhiteElo "1165"]
[BlackElo "1291"]
[PlyCount "84"]
[EventDate "2018.??.??"]
[WhiteTeam "Cassis Echecs"]
[BlackTeam "Cercle d'Echecs Aubagnais"]

1. d4 Nf6 2. c4 c5 3. d5 e6 4. Nc3 exd5 5. cxd5 d6 6. Nf3 Na6 7. e4 Bg4 8. h3
Bxf3 9. Qxf3 g6 10. Bg5 Bg7 11. Bb5+ Ke7 12. O-O Nc7 13. a4 a6 14. Bc4 Re8 15.
Rae1 Kf8 16. Re3 Re5 17. Qf4 Nce8 18. g4 Qb6 19. b3 Nd7 20. Bh6 Nef6 21. Bxg7+
Kxg7 22. Rf3 g5 23. Qe3 Rc8 24. Rf5 h6 25. f4 Rxf5 26. gxf5 g4 27. hxg4 Nxg4
28. Qg3 h5 29. Qh4 Rh8 30. Qg5+ Kf8 31. Kg2 Ne3+ 32. Kf2 Nxf1 33. Kxf1 h4 34.
f6 Rg8 35. Qh6+ Ke8 36. Qxh4 Qd8 37. e5 dxe5 38. d6 Qxf6 39. Qh7 Qxf4+ 40. Ke2
Rg2+ 41. Ke1 Qd2+ 42. Kf1 Qf2# 0-1

[Event "Open d'Aubagne 2018-2019"]
[Site "Aubagne"]
[Date "2019.02.02"]
[Round "7.22"]
[White "Tramarin, Esteban"]
[Black "Bonavia, Mathis"]
[Result "0-1"]
[WhiteElo "1180"]
[BlackElo "1283"]
[PlyCount "102"]
[EventDate "2018.??.??"]
[WhiteTeam "La Ciotat Echecs (LCE)"]
[BlackTeam "La Ciotat Echecs (LCE)"]

1. e4 c6 2. Nc3 d5 3. d3 Nf6 4. Bd2 e5 5. Qe2 Bd6 6. O-O-O Be6 7. g3 O-O 8. Bg2
Nbd7 9. Nf3 d4 10. Nb1 Bxa2 11. Bh3 Qb6 12. c3 Bxb1 13. Kxb1 Ba3 14. Bc1 dxc3
15. Ka1 cxb2+ 16. Bxb2 Bxb2+ 17. Qxb2 Qa6+ 18. Kb1 Rfe8 19. Bf1 Qb6 20. Qxb6
axb6 21. Re1 Ng4 22. Re2 Nc5 23. Bh3 Nf6 24. Re3 Nxd3 25. Rxd3 Nxe4 26. Rf1 c5
27. Bf5 Nxf2 28. Rxf2 e4 29. Re3 exf3 30. Rxe8+ Rxe8 31. Rxf3 c4 32. Rc3 b5 33.
Ka2 Kf8 34. Ka3 Ke7 35. Kb4 Kd6 36. Bxh7 Kc6 37. Bf5 Re5 38. Bg4 Re1 39. Bf5
Ra1 40. Ra3 Rxa3 41. Kxa3 Kc5 42. Kb2 Kd4 43. Kc2 b4 44. Kb2 g6 45. Bc2 b3 46.
Bxb3 cxb3 47. Kxb3 Ke3 48. Kc4 Kf3 49. Kd5 Kg2 50. Kd6 Kxh2 51. Ke7 b5 0-1

[Event "Open d'Aubagne 2018-2019"]
[Site "Aubagne"]
[Date "2019.02.02"]
[Round "7.23"]
[White "Salvi, Angele"]
[Black "Moerenhout, Jean Claude"]
[Result "0-1"]
[WhiteElo "1095"]
[BlackElo "1280"]
[PlyCount "56"]
[EventDate "2018.??.??"]
[WhiteTeam "La Ciotat Echecs (LCE)"]
[BlackTeam "Cercle d'Echecs Aubagnais"]

1. e4 e5 2. Nf3 Nc6 3. d4 Nxd4 4. Nxe5 Nc6 5. Nf3 Bc5 6. Nc3 Nf6 7. e5 Qe7 8.
Nd5 Nxd5 9. Qxd5 d6 10. Bb5 O-O 11. Bxc6 bxc6 12. Qxc6 Bd7 13. Qe4 Rfe8 14. O-O
dxe5 15. Re1 Bd6 16. b3 Rab8 17. Bb2 Rb5 18. a4 Rc5 19. b4 Bc6 20. Qe3 Rxc2 21.
Bxe5 Bxf3 22. Bxd6 Qxe3 23. Rxe3 Rxe3 24. fxe3 Rxg2+ 25. Kh1 Ra2+ 26. Kg1 Rxa1+
27. Kf2 cxd6 28. Kxf3 Rxa4 0-1

[Event "Open d'Aubagne 2018-2019"]
[Site "Aubagne"]
[Date "2019.02.02"]
[Round "7.25"]
[White "Pietrac, Christian"]
[Black "De Laurentis, Pierre"]
[Result "1-0"]
[WhiteElo "1227"]
[BlackElo "1020"]
[PlyCount "89"]
[EventDate "2018.??.??"]
[WhiteTeam "Club d'Echecs de Miramas"]
[BlackTeam "Cassis Echecs"]

1. c4 d6 2. Nc3 Nf6 3. g3 g6 4. Nf3 Bg7 5. Bg2 O-O 6. O-O Nc6 7. a3 a6 8. d4
Re8 9. d5 Na5 10. Rb1 Nxc4 11. b3 Nb6 12. Re1 e5 13. dxe6 Rxe6 14. Ng5 Re5 15.
Bf4 Rc5 16. Nce4 h6 17. Nxc5 hxg5 18. Bxg5 Qe7 19. Nxb7 Bxb7 20. Bxb7 Ra7 21.
Bg2 d5 22. a4 a5 23. Rc1 Qe5 24. Bf4 Qe7 25. Rc2 c5 26. Be3 d4 27. Bg5 Qd7 28.
Rxc5 Ra8 29. Bxa8 Nxa8 30. Rxa5 Nc7 31. Qd3 Ne6 32. Bd2 Ng4 33. f4 Qd8 34. Qe4
Kh7 35. f5 Ng5 36. Qxg4 f6 37. fxg6+ Kxg6 38. h4 f5 39. Qxf5+ Kh5 40. Rd5 Qf6
41. Qxg5+ Qxg5 42. Rxg5+ Kh6 43. Rc1 Kh7 44. Rc7 Kg8 45. Rcxg7+ 1-0

[Event "Open d'Aubagne 2018-2019"]
[Site "Aubagne"]
[Date "2019.02.02"]
[Round "7.26"]
[White "Frontera, Pierre"]
[Black "Garbe, Georges"]
[Result "1-0"]
[WhiteElo "1269"]
[BlackElo "1203"]
[PlyCount "111"]
[EventDate "2018.??.??"]
[WhiteTeam "Cercle d'Echecs Aubagnais"]
[BlackTeam "Cercle d'Echecs Aubagnais"]

1. e4 c5 2. Nc3 Nc6 3. Nf3 Nf6 4. Bc4 e6 5. O-O d6 6. d3 Be7 7. h3 O-O 8. a3 a6
9. Bd2 h6 10. Ne2 Rb8 11. b4 b5 12. Bb3 Ne5 13. Ng3 c4 14. Nxe5 dxe5 15. dxc4
Bb7 16. Qe2 Qb6 17. c5 Qc6 18. f3 g6 19. Bxh6 Rfd8 20. Bg5 Qd7 21. Rfd1 Qc7 22.
Rxd8+ Rxd8 23. f4 Qd7 24. fxe5 Nh7 25. Bxe7 Qxe7 26. c4 bxc4 27. Bxc4 Qd7 28.
Kh2 Qd2 29. h4 Qxe2 30. Bxe2 Nf8 31. h5 g5 32. Rd1 Rd7 33. Kh3 Rxd1 34. Bxd1
Nd7 35. Kg4 Nxe5+ 36. Kxg5 Kh7 37. Kf6 Nc4 38. Kxf7 Bc8 39. Bg4 Ne5+ 40. Ke7
Nxg4 41. Kd8 Bb7 42. Kc7 Ba8 43. Kb6 Nf6 44. c6 Ne8 45. c7 Nd6 46. Kxa6 Nc8 47.
b5 Nd6 48. b6 Bb7+ 49. Ka7 Bc8 50. Kb8 Bb7 51. a4 Ba6 52. e5 Nc8 53. b7 Nb6 54.
c8=Q Nxc8 55. bxc8=Q Bxc8 56. Kxc8 1-0